Odhaľovanie nezrozumiteľných častí textu pomocou sledovania pohľadu

Na minha lista:
Detalhes bibliográficos
Autor principal: Mrocek, Jakub (Author)
Outros Autores: Móro, Róbert (Thesis advisor)
Formato: Manuscrito Livro
Idioma:eslovaco
Publicado em: 2017
Assuntos:
Acesso em linha:http://is.stuba.sk/zp/portal_zp.pl?podrobnosti=126982
Tags: Adicionar Tag
Sem tags, seja o primeiro a adicionar uma tag!

MARC

LEADER 00000ntm a22000003a 4500
001 stuzp64616
003 SK-STU
005 20170624213651.3
007 ta
008 150427s2015----xo-----f-mn---000-0-slo-d
040 |a STU  |b slo 
041 0 |a slo 
100 1 |a Mrocek, Jakub  |u 070200  |4 aut  |U FIIT Fakulta informatiky a informačných technológií  |T FIIT Ústav informatiky, informačných systémov a softvérového inžinierstva  |X 52892  |U I200  |Y 179  |7 52892 
242 0 1 |a Detection of incomprehensible parts of text using an eye tracker  |y eng 
245 1 0 |a Odhaľovanie nezrozumiteľných častí textu pomocou sledovania pohľadu 
260 |c 2017 
650 4 |a sledovanie pohľadu  |2 slo 
650 4 |a zrozumiteľnosť textu  |2 slo 
650 4 |a strojové učenie  |2 slo 
650 4 |a text reading analysis  |2 eng 
650 4 |a eye tracking  |2 eng 
650 4 |a text comprehension  |2 eng 
650 4 |a machine learning  |2 eng 
700 1 |a Móro, Róbert  |u 070200  |k Z1  |4 ths  |U FIIT Fakulta informatiky a informačných technológií  |T FIIT Ústav informatiky, informačných systémov a softvérového inžinierstva  |X 47879  |U I200  |Y 179  |7 47879 
856 4 |u http://is.stuba.sk/zp/portal_zp.pl?podrobnosti=126982 
996 |b 11176  |c I* DP87/17  |l II680  |s P  |a 0  |w stuzp64616_0001